| 000 | 00541nam a2200169Ia 4500 | ||
|---|---|---|---|
| 008 | 180921t2019 xxu||||| |||| 00| 0 sin d | ||
| 041 | _asin | ||
| 080 |
_a8-31 _bචින්න |
||
| 100 | _aචින්නප්පභාරතී, කේ | ||
| 245 | _aමිනිස් යන්ත්රය | ||
| 260 |
_bගොඩගේ _aකොළඹ _c2019 |
||
| 300 | _aසෙ.මි.21, පි.112 | ||
| 700 |
_aඋපාලි ලීලාරත්න _eපරි. |
||
| 942 | _cBK | ||
| 999 |
_c11857 _d11857 |
||
| 003 | LK-CoDNM | ||
| 040 |
_aLK-CoDNM _dLK-CoDNM _eLK-CoDNM |
||